000 00689nam a2200217 i 4500
001 bg
100 1 _aFlizikowski, Józef
_d(1951- ).
245 1 0 _aRozdrabnianie tworzyw sztucznych /
_cJózef Flizikowski.
260 _aBydgoszcz :
_bWydawnictwa Uczelniane Akademii Techniczno-Rolniczej,
_c1998.
300 _a373 s. :
_brys., wykr. ;
_c24 cm.
504 _aBibliogr. s. 359-371, wykaz norm. s. 371-373.
650 9 _aRozdrabnianie
_xnarzędzia i maszyny
650 9 _aTworzywa sztuczne
_xtechnologia
020 _a8387274119
040 _cBPK
041 0 _apl
080 _a678:621.926/.929
920 _a83-87274-11-9
942 _cKS
008 s pl f |000 0 pol
999 _c37740
_d37740
856 _uhttp://koha.tu.koszalin.pl/cgi-bin/koha/opac-detail.pl?biblionumber=37740
_yKatalog online BPK